000 00686 a2200277 4500
003 DLC
005 20260325143647.0
008 2024s2024 xx 000 0 eng d
020 _a9781975214975
040 _aDLC
_beng
050 4 _aRE336 .R37 2024
100 1 _aRapuano, Christopher J.
_eauthor.
245 1 0 _aCornea
_cby Rapuano, Christopher J..
250 _a4th ed.
264 1 _bLippincott Williams & Wilkins
_c2024
300 _axiii, 441p. ill
336 _2koha
338 _2koha
650 0 _aAtlases
650 0 _aCorneal Diseases
650 0 _aCornea, diseases
650 0 _aCornea
650 0 _aDiseases
650 0 _aHandbooks, manuals
942 _2lcc
_cBK
999 _c44175
_d44175